Joueurs de tennis avec au moins 5 titres ATP depuis 1990 - Statistiques

Statistiques générales
  • Ce quiz a été pris 80 fois
    22 depuis la dernière actualisation
  • Le résultat moyen est 47 sur 135
Statistiques - réponses
Pays Total GC Masters M1000 Autre (M500,M250,JO,CGC) Joueur % Correct
GBR 46 3 1 14 28 Andy MURRAY
100%
SRB 101 24 7 40 30 Novak DJOKOVIC
100%
ESP 92 22 0 36 34 Rafael NADAL
100%
SUI 103 20 6 28 49 Roger FEDERER
100%
ESP 26 7 0 8 11 Carlos ALCARAZ
95%
FRA 13 0 0 0 13 Gael MONFILS
90%
ITA 29 4 2 10 13 Jannik SINNER
90%
AUT 17 1 0 1 15 Dominic THIEM
85%
FRA 18 0 0 2 16 Jo Wilfried TSONGA
85%
SUI 16 3 0 1 12 Stanislas WAWRINKA
85%
UKR 11 0 0 4 7 Andrei MEDVEDEV
80%
RUS 23 1 1 6 15 Daniil MEDVEDEV
80%
ESP 27 0 0 1 26 David FERRER
80%
CRO 21 1 0 1 19 Marin CILIC
80%
FRA 16 0 0 0 16 Richard GASQUET
80%
USA 52 8 1 17 26 Andre AGASSI
75%
ARG 22 1 0 1 20 Martin DEL POTRO
75%
GER 25 1 2 7 15 Alexander ZVEREV
70%
GRE 12 0 1 3 8 Stefanos TSITSIPAS
70%
FRA 7 0 0 0 7 Ugo HUMBERT
70%
NOR 14 0 0 1 13 Casper RUUD
65%
FRA 14 0 0 0 14 Gilles SIMON
65%
USA 64 14 5 11 34 Pete SAMPRAS
65%
RUS 17 0 0 2 15 Andrei RUBLEV
60%
RUS 15 2 0 5 8 Marat SAFIN
60%
USA 10 0 0 1 9 Taylor FRITZ
60%
USA 32 1 0 5 26 Andy RODDICK
55%
BEL 6 0 0 0 6 David GOFFIN
55%
BUL 9 0 1 1 7 Grigor DIMITROV
55%
ESP 16 1 0 4 11 Juan Carlos FERRERO
55%
CAN 9 0 0 0 9 Felix AUGER ALIASSIME
50%
BRA 20 3 1 5 11 Gustavo KUERTEN
50%
JPN 12 0 0 0 12 Kei NISHIKORI
50%
AUS 30 2 2 2 24 Lleyton HEWITT
50%
FRA 5 0 0 0 5 Adrian MANNARINO
45%
KAZ 9 0 0 0 9 Alexander BUBLIK
45%
ARG 11 0 1 2 8 David NALBANDIAN
45%
USA 16 0 0 1 15 John ISNER
45%
AUS 7 0 0 0 7 Nick KYRGIOS
45%
SWE 10 0 0 1 9 Robin SODERLING
45%
ESP 12 1 0 1 10 Albert COSTA
40%
GER 25 2 2 5 16 Boris BECKER
40%
GBR 5 0 0 1 4 Cameron NORRIE
40%
ESP 6 0 0 0 6 Carlos COSTA
40%
ESP 20 1 0 3 16 Carlos MOYA
40%
FRA 5 0 0 1 4 Cedric PIOLINE
40%
FRA 9 0 0 2 7 Guy FORGET
40%
CZE 11 1 0 0 10 Ivan LENDL
40%
RUS 6 0 0 1 5 Karen KHACHANOV
40%
USA 31 0 0 7 24 Michael CHANG
40%
CAN 8 0 0 0 8 Milos RAONIC
40%
CZE 12 0 0 1 11 Tomas BERDYCH
40%
RUS 26 2 0 0 24 Yevgeny KAFELNIKOV
40%
USA 22 4 0 5 13 Jim COURIER
35%
FRA 5 0 0 0 5 Lucas POUILLE
35%
ESP 7 0 0 1 6 Pablo CARRENO BUSTA
35%
SWE 21 3 0 4 14 Stefan EDBERG
35%
ARG 8 1 0 0 7 Gaston GAUDIO
30%
ARG 9 0 0 2 7 Guillermo CORIA
30%
POL 8 0 0 2 6 Hubert HURKACZ
30%
RSA 7 0 0 0 7 Kevin ANDERSON
30%
CHI 18 0 0 5 13 Marcelo RIOS
30%
ITA 10 0 0 0 10 Matteo BERRETTINI
30%
FRA 5 0 0 0 5 Michael LLODRA
30%
AUS 11 2 0 2 7 Patrick RAFTER
30%
ESP 12 0 0 0 12 Roberto BAUTISTA AGUT
30%
AUT 39 1 0 8 30 Thomas MUSTER
30%
ESP 17 0 1 2 14 Alex CORRETJA
25%
AUS 11 0 0 0 11 Alex DE MINAUR
25%
ITA 9 0 0 1 8 Fabio FOGNINI
25%
FRA 6 0 0 0 6 Fabrice SANTORO
25%
ESP 7 0 0 0 7 Fernando VERDASCO
25%
CRO 22 1 0 2 19 Goran IVANISEVIC
25%
AUS 11 0 0 1 10 Mark PHILIPPOUSSIS
25%
RUS 21 0 1 3 17 Nikolay DAVYDENKO
25%
CZE 10 1 0 1 8 Petr KORDA
25%
ARG 7 0 0 0 7 Sebastian BAEZ
25%
GBR 11 0 0 1 10 Tim HENMAN
25%
GER 15 0 0 1 14 Tommy HAAS
25%
CHI 5 0 0 0 5 Cristian GARIN
20%
LAT 6 0 0 0 6 Ernests GULBIS
20%
CRO 10 0 0 1 9 Ivan LJUBICIC
20%
AUT 5 0 0 0 5 Jurgen MELZER
20%
SUI 14 0 0 0 14 Marc ROSSET
20%
GER 18 1 1 2 14 Michael STICH
20%
URU 6 0 0 0 6 Pablo CUEVAS
20%
SWE 9 1 0 1 7 Thomas JOHANSSON
20%
CHI 11 0 0 0 11 Fernando GONZALEZ
15%
GBR 15 0 0 1 14 Greg RUSEDSKI
15%
CRO 8 0 0 0 8 Ivo KARLOVIC
15%
PER 5 0 0 0 5 Jaime YZAGA
15%
USA 10 0 0 0 10 James BLAKE
15%
SWE 12 0 0 1 11 Magnus NORMAN
15%
GEO 5 0 0 0 5 Nikoloz BASILASHVILI
15%
GER 8 0 0 0 8 Philipp KOHLSCHREIBER
15%
CZE 5 0 0 0 5 Radek STEPANEK
15%
ESP 14 2 0 2 10 Sergi BRUGUERA
15%
SWE 19 0 0 3 16 Thomas ENQVIST
15%
USA 8 0 0 0 8 Todd MARTIN
15%
ESP 12 0 0 1 11 Tommy ROBREDO
15%
RSA 15 0 0 2 13 Wayne FERREIRA
15%
MAR 5 0 0 0 5 Younes EL AYNAOUI
15%
ESP 14 0 0 0 14 Alberto BERASATEGUI
10%
ESP 6 0 0 1 5 Emilio SANCHEZ
10%
ESP 7 0 0 0 7 Feliciano LOPEZ
10%
ESP 10 0 0 1 9 Felix MANTILLA
10%
ARG 7 0 0 1 6 Guillermo CANAS
10%
ESP 5 0 0 0 5 Guillermo GARCIA LOPEZ
10%
ARG 6 0 0 0 6 Ignacio CHELA
10%
CZE 7 0 0 0 7 Jiri NOVAK
10%
SWE 6 0 0 0 6 Jonas BJORKMAN
10%
ARG 9 0 0 0 9 Juan MONACO
10%
SVK 6 0 0 0 6 Karol KUCERA
10%
SWE 14 0 0 0 14 Magnus GUSTAFSSON
10%
SWE 7 0 0 0 7 Magnus LARSSON
10%
USA 6 0 0 0 6 Mardy FISH
10%
SVK 6 0 0 0 6 Martin KLIZAN
10%
RUS 10 0 0 0 10 Mikhail YOUZHNY
10%
ESP 13 0 0 0 13 Nicolas ALMAGRO
10%
GER 6 0 0 0 6 Nicolas KIEFER
10%
ECU 5 0 0 0 5 Nicolas LAPENTTI
10%
CHI 6 0 0 0 6 Nicolas MASSU
10%
THA 5 0 0 0 5 Paradorn SRICHAPHAN
10%
NED 17 1 0 2 14 Richard KRAJICEK
10%
USA 10 0 0 0 10 Sam QUERREY
10%
NED 9 0 0 0 9 Sjeng SCHALKEN
10%
ESP 6 0 0 0 6 Albert MONTANES
5%
USA 5 0 0 1 4 Ben SHELTON
5%
RUS 7 0 0 0 7 Dmitry TURSUNOV
5%
SVK 6 0 0 0 6 Dominik HRBATY
5%
CZE 11 0 0 1 10 Karel NOVACEK
5%
ITA 5 0 0 0 5 Luciano DARDERI
5%
USA 5 0 0 0 5 Tommy PAUL
5%
ESP 8 0 0 0 8 Francisco CLAVET
0%
ESP 6 0 0 0 6 Jordi ARRESE
0%
Aucun quiz correspondant
Distribution des résultats
% des personnes avec chaque résultat
Percentile par nombre de réponses
Votre historique - résultats
Vous n’avez pas pris ce quiz depuis la dernière actualisation